000 00567nam a22002057a 4500
001 19047
003 BD-RjUL
005 20211209000357.0
008 140223q1820 nyu 000 0 eng d
035 _a(BD-RjUL)19105
040 _aBD-RjUL
_beng
_cBD-RjUL
041 _aeng
082 _a813.308
_bIRS 1820
100 1 _aIrving, Washington
_952492
245 _aThe sketch book of Geoffrey Crayon, gent /
_cWashington Irving
260 _aNew York :
_bBurt Company,
_c[1820].
300 _a337 p. ;
_c19 cm.
650 0 _aAmerican fiction.
_958701
942 _2ddc
_cBK
999 _c19047
_d19047